Statistics for 36 - 65

Click here to take the quiz!

General Stats

  • This quiz has been taken 2 times
  • The average score is 16 of 31

Answer Stats

Answer% Correct
Prunus padus
100%
Hydrangea arborescens
50%
Hydrangea macrophylla
50%
Hydrangea paniculata
50%
Hypericum calycinum
50%
Kerria japonica
50%
Kolkwitzia amabilis
50%
Ligustrum ovalifolium
50%
Magnolia kobus
50%
Magnolia x soulangeana
50%
Myrica gale
50%
Nothafagus antartica
50%
Philiadelphus coronarius
50%
Physocarpus opulifolius
50%
Potentilla fruticosa
50%
Prunus spinosa
50%
Prunus triloba
50%
Rhamnus frangula
50%
Rhus glabra
50%
Rhus typhina
50%
Ribes sanguineum
50%
Salix caprea
50%
Sambucus nigra
50%
Spiraea japonica
50%
Spiraea x arguta
50%
Spiraea x vanhouttei
50%
Syringa vulgaris
50%
Viburnum lantana
50%
Viburnum opulus
50%
Weigela
50%
Symphoricarpos albus
0%

Score Distribution

Percentile by Number Answered

Percent of People with Each Score

Your Score History

You have not taken this quiz